000 00476nam a2200193Ia 4500
005 20230109105538.0
008 131103s9999 xx 000 0 und d
040 _aLoreto College
041 _aEnglish
082 _a821.3
_bDON-KER
100 _aKermode, Frank
245 _aJohn Donne
_cFrank Kermode
260 _aLondon
_bThe british council
_c1957
300 _a48p.
504 _aIncludes index.
650 _aEnglish Literature
850 _aLCLIB
942 _cBK
999 _c21337
_d71816